00556nam a22002177a 4500003000500000005001700005008004100022010000900063011001000072035000900082040000900091082002100100100002300121245003600144250001000180260003300190300001900223490003400242650002800276830003400304CHAP20220329133703.0971013s1994 r 00010 d a9489 a10461 a9698 cCHAP a635.964bV3 199400aVargas, J. M., Jr. aManagement of turfgrass disease a2 ed. aBoca Ratón :bLewis,c1994 a194 p.b: ilus aAdvances in turfgrass science14aCéspedxEnfermedades.0 aAdvances in turfgrass science